Lakáspolitika és lakásfinanszírozás Magyarországon a 70-es évektől napjainkig

Elmentve itt :
Bibliográfiai részletek
Szerző: Kovács Beatrix
További közreműködők: Schneider Klára (Témavezető)
Dokumentumtípus: Szakdolgozat
Megjelent: 2004
Tárgyszavak:
Online Access:http://diploma.bibl.u-szeged.hu/32068
LEADER 00681nta a2200169 i 4500
001 dipl32068
005 20130314092319.0
008 110711s2004 hu om 0|| zxx d
040 |a SZTE Diploma Repozitórium  |b hun 
041 |a zxx 
100 1 |a Kovács Beatrix 
245 1 0 |a Lakáspolitika és lakásfinanszírozás Magyarországon a 70-es évektől napjainkig  |h [elektronikus dokumentum] /  |c Beatrix Kovács 
260 |c 2004 
650 4 |a Gazdaságtudományok 
700 1 |a Schneider Klára  |e ths 
856 4 0 |u http://diploma.bibl.u-szeged.hu/id/eprint/32068/1/szakdolgozat.pdf  |z Dokumentum-elérés  
856 4 0 |u http://diploma.bibl.u-szeged.hu/id/eprint/32068/2/melleklet.tgz  |z Dokumentum-elérés